000
00309nam a22001217a 4500
008
180605b xxu||||| |||| 00| 0 eng d
041
_a
eng
080
_a
043.3
100
_a
0
101
_a
SHKI-BA
245
_a
Implementimi i Standardeve te SQL-it nga Oracle dhe MS SQL Server
_c
Pllana, B
942
_2
udc
_c
BK
999
_c
46361
_d
46361